00726 2200301 4500001002100000005001500021035002000036007000300056008004100059020001800100082001100118084001700129100001900146245004900165260004400214300003800258650001500296990001200311990001200323990001100335990001200346990001100358990001100369990001100380990001100391990001100402990001100413INLIS00000000000201620180530100235 a0010-0518000086ta180530 g 0 ind  a9786020289410 a910.09 a910.09 AWA e0 aAWAN, Yulianto1 aEasy Guide: Bangkok-Pattaya /cAwan Yulianto aJakarta :bElex Media Komputindo,c2016 aviii, 288 hlm. :bilus. ;c18 cm. aPERJALANAN a16682 a a16682 b a16682b a16682 a a16682a a16682b a16682b a16682a a16682a a16682b